000 00665nam a2200253 a 4500
001 13964
003 BD-JhCC
005 20240519110601.0
008 240519b19942002ii |||| ||a| 000 0 eng d
020 _a9780060516406
035 _a(BD-JhCC)13964
040 _aBD-JhCC
_dBD-JhCC
041 _aenglish
082 _a338.7
_bCOL 2002
100 _aCollins, Jim
110 _4 Bond, Ruskin
245 _aGhost Stories From The Raj /
_c Jim Collins,Jerry I. Porras .
260 _aIndia:
_bCollins;
_c2002.
300 _a342 p. :
_c20 cm.
650 _aBusiness
_zInvestment and Economics
700 _a Porras,Jerry I.
942 _2ddc
_cBK
999 _c13964
_d13964